00518nam a2200169Ia 4500003000900000008004100009040001600050080002300066110003300089245008400122260005000206300000900256500001900265650002500284650001800309650002100327IN-BaIIA211028s9999 xx 000 0 eng d cIIA Library a083.7:621.882bISI aIndian Standards Institution 0aIndian standard methods for sampling of fastenerscIndian Standards Institution aNew DelhibIndian Standards Institutionc1973 a13p. aIS 2614 : 1969 a Sampling Fasteners a Standards  aNASA Thesaurus